| 000 | 00635nam a22001817a 4500 | ||
|---|---|---|---|
| 999 |
_c19279 _d19279 |
||
| 003 | AR-CdUCM | ||
| 008 | 190517b ||||| |||| 00| 0 spa d | ||
| 040 |
_aMUNICIPALIDAD PROVINCIAL DEL CUSCO _cBIBLIOTECA MUNICIPAL DEL CUSCO |
||
| 082 |
_a869.56 / _bT18 |
||
| 100 |
_aTamayo Vargas, Augusto _91952 |
||
| 245 | _a150 artículos sobre el Perú / | ||
| 260 |
_aLima : _bUNMSM, _c1966. |
||
| 300 |
_a659 páginas ; _c22 cm. |
||
| 505 | _aPensadores de nuestro litoral -- Hilandera -- Una calle del Cusco -- Huanacauri -- La calle de Valladolid en Lima... | ||
| 650 |
_aHistoría del Perú. _9259 |
||
| 942 |
_2ddc _cLIBROS |
||
| 945 | _awfj | ||